000 01441nam a2200385 i 4500
001 000025982
003 DO-SdBNP
005 20251217132500.0
007 ta
008 110225s2006 dr a 001 0 spa d
040 _aDO-SdBNP
_bspa
_cBNPHU
_erda
041 _aspa
082 4 _a659.1
_bC794p
_222
100 1 _aCordero, Heddel
_eautor
_952882
_4aut.
245 1 3 _aLa publicidad :
_bel arte de convencer consumidores /
_cHeddel Cordero.
264 _aSanto Domingo, República Dominicana :
_bEditora Gente,
_c2006.
300 _a201 páginas :
_bilustraciones ;
_c22 cm.
336 _ardacontent
_btexto
_2txt
337 _ardamedia
_bsin mediación
_2n
338 _ardacarrier
_bvolumen
_2nc
500 _aLa biblioteca posee 3 ejemplares autografiados por el autor.
500 _aIncluye índice onomástico.
500 _aIncluye datos biográficos del autor en las solapas de la cubierta.
500 _aIncluye ¨La Jerga¨ o vocabulario publicitario: páginas 145-192.
504 _aBibliografía: páginas193-195.
590 _aInventariado, 2018/ YL
650 4 _aPublicidad
_xAspectos sociales
_938383
650 4 _aAptitud creadora en publicidad
_927477
650 4 _aPosicionamiento (publicidad)
_938384
650 4 _aAdministración en publicidad
_938385
650 4 _aCampañas publicitarias
_938386
650 4 _aPromoción de ventas
_938387
910 _aValidado. Control de calidad EMS
942 _2ddc
_cLBS1
999 _c25474
_d25474